| 000 | 00699nam a2200229 a 4500 | ||
|---|---|---|---|
| 001 | 60017 | ||
| 003 | BD-RjUL | ||
| 005 | 20211209080809.0 | ||
| 008 | 161229r19791934maua 00100 eng | ||
| 035 | _a(BD-RjUL)60141 | ||
| 040 |
_aDLC _cURB _dOCL _dm.c. _dBD-RjUL _beng |
||
| 041 | _aeng | ||
| 082 |
_223 _a 531 _bKHC 1979 |
||
| 090 |
_aQA805 _b.F501 |
||
| 100 | 1 | 0 |
_aKhanna, K. M. (Kapil Mohan), 1934- _9178578 |
| 245 | 1 | 0 |
_aClassical mechanics / _cKapil Mohan Khanna |
| 260 |
_aNew Delhi : _bToday & tomorrow's printers and Publishers, _cc1934 [Reprinted 1979]. |
||
| 300 |
_axii, 229 p. : _bill. ; _c23 cm. |
||
| 500 | _aIncludes index. | ||
| 650 | 0 |
_aMechanics, Analytic. _921040 |
|
| 942 |
_2ddc _cBK |
||
| 999 |
_c60017 _d60017 |
||